Minecraft Editions & Spinoffs - Statistics

General Stats
  • This quiz has been taken 16 times
  • The average score is 10 of 22
Answer Stats
Hint Answer % Correct
Bedrock
100%
Edition Java
92%
Pocket
75%
Minecraft Dungeons
58%
PS3
58%
PS4
58%
Xbox 360
58%
Xbox One
58%
Minecraft Legends
50%
Nintendo Switch
50%
Education
42%
Minecraft Earth
42%
Spinoffs Minecraft: Story Mode
42%
Wii U
42%
PS Vita
33%
Apple TV
25%
Fire TV
25%
New Nintendo 3DS
17%
Browser/Classic
8%
Gear VR
8%
Minecraft Dungeons Arcade
8%
Minecraft Hour of Code
8%
No matching quizzes found
Score Distribution
Percent of People with Each Score
Percentile by Number Answered
Your Score History
You have not taken this quiz